000 00439nam a2200145 i 4500
001 52741
003 ES-MaACL
005 20230906162635.0
007 t|
008 030903s1973 sp ||||1| gao d
245 0 0 _aDeclaraciones dos dereitos do Neno e outras cousas nosas
_b: alumnos de 4ยบ curso de Instituto Masculino de Lugo.
260 _aLugo :
_bCelta,
_c[1973]
300 _a52 p. ;
_c18 cm.
852 _aES-MaACL
_jC-52880
_bR.86041
999 _c52741
_d52741